| 000 | 00764cam a2200241 i 4500 | ||
|---|---|---|---|
| 001 | 84901 | ||
| 003 | BD-RjUL | ||
| 005 | 20250507105539.0 | ||
| 008 | 250507s1978 ii 000 0 urdo | ||
| 020 | _cRs16.00 | ||
| 035 | _a(BD-RjUL) 84901 | ||
| 040 |
_aDLC _cDLC _dDLC _beng |
||
| 041 | _aurd | ||
| 082 |
_223 _a891.43909 _bHAN 1978 |
||
| 100 | 1 |
_aḤanfī, Muẓaffar, _d1936- _915419 |
|
| 245 | 1 | 0 |
_aنقد ریزے ;; Naqd reze : _b(tanqīdī maz̤āmīn ) / _cمظفر حنفی ;; Muẓaffar Ḥanafī. |
| 250 | _a1. aiḍīshan. | ||
| 260 |
_a[Dihlī] : _bḤanafī : taqsīmkār Bazm-i K̲h̲iz̤r-i Rāh, _c1978. |
||
| 300 |
_a205 p. ; _c22 cm. |
||
| 500 | _aIn Urdu. | ||
| 650 | 0 |
_aUrdu literature _xHistory and criticism. _93777 |
|
| 942 |
_2ddc _cBK |
||
| 999 |
_c84901 _d84901 |
||